Logo CIB grande

MINERALOGIA : UNA INTRODUCCION AL ESTUDIO DE MINERALES Y CRISTALES (Registro nro. 208347)

Detalles MARC
000 -LEADER
campo de control de longitud fija 00531nam a2200205Ia 4500
005 - FECHA Y HORA DE LA ÚLTIMA TRANSACCIÓN
campo de control 20250425161408.0
008 - DATOS DE LONGITUD FIJA--INFORMACIÓN GENERAL
campo de control de longitud fija 250425s9999 xx 000 0 und d
041 ## - CÓDIGO DE IDIOMA
Código de lengua del texto/banda sonora o título independiente spa
082 ## - NÚMERO DE LA CLASIFICACIÓN DECIMAL DEWEY
Número de clasificación 549
010 ## - NÚMERO DE CONTROL DE LA BIBLIOTECA DEL CONGRESO
Número de control de LC 19312
100 ## - ENTRADA PRINCIPAL--NOMBRE DE PERSONA
Nombre de persona KRAUS, EDWARD HENRY
245 #0 - MENCIÓN DEL TÍTULO
Título MINERALOGIA : UNA INTRODUCCION AL ESTUDIO DE MINERALES Y CRISTALES
250 ## - MENCION DE EDICION
Mención de edición 5A ED.
260 ## - PUBLICACIÓN, DISTRIBUCIÓN, ETC.
Lugar de publicación, distribución, etc. Estados Unidos
Nombre del editor, distribuidor, etc. MCGRAW-HILL
Fecha de publicación, distribución, etc. 1965
260 ## - PUBLICACIÓN, DISTRIBUCIÓN, ETC.
Lugar de publicación, distribución, etc. NEW YORK
300 ## - DESCRIPCIÓN FÍSICA
Extensión 665
700 ## - ENTRADA AGREGADA--NOMBRE PERSONAL
Nombre de persona HUNT, WALTER FRED
700 ## - ENTRADA AGREGADA--NOMBRE PERSONAL
Nombre de persona RAMSDELL, LEWIS STEPHEN
942 ## - ELEMENTOS DE ENTRADA SECUNDARIOS (KOHA)
Tipo de ítem Koha Libros
Existencias
Estatus retirado Estado de pérdida Estado de daño No para préstamo Biblioteca de origen Biblioteca actual Ubicación en estantería Fecha de adquisición Coste, precio normal de compra Etiqueta RFID Total de préstamos Código de barras Copia número Tipo de ítem Koha Fuente de la clasificación o esquema de estantería Signatura topográfica completa Nota pública
        CENTRO DE INFORMACIÓN BIBLIOTECARIA CENTRO DE INFORMACIÓN BIBLIOTECARIA   14/11/2002 0.01 0000000000000000016373   4245 2 Libros      
        CENTRO DE INFORMACIÓN BIBLIOTECARIA CENTRO DE INFORMACIÓN BIBLIOTECARIA   21/11/2001 0.01 0000000000000000016375   4246 3 Libros      
        CENTRO DE INFORMACIÓN BIBLIOTECARIA CENTRO DE INFORMACIÓN BIBLIOTECARIA   08/11/2011 20.00 0000000000000000036196   D-68657 5 Libros Clasificación Decimal Dewey 549 ESPOL. FICT

Copyright 2025 ESPOL. Todos los derechos reservados.